Sử thi ÊĐê : KĐăm ĐRoăl. Y' Khỉng Jủ - H'Bia Jủ Yâo

Quyển sách là một trong những ấn phẩm của hội văn nghệ dân gian Việt Nam đã sưu tầm những giá trị văn hóa truyền thống của dân tộc và gồm II phần: Phần I: KĐĂM ĐROĂL Phần II: Y'KHING JU - H'BIA JU YAO...

全面介绍

Đã lưu trong:
书目详细资料
企业作者: Hội nhà văn dân gian Việt Nam
格式: 图书
语言:Undetermined
出版: Hà Nội Văn hóa Dân Tộc 2012
主题:
标签: 添加标签
没有标签, 成为第一个标记此记录!
Thư viện lưu trữ: Trung tâm Học liệu Trường Đại học Cần Thơ
LEADER 00970nam a2200205Ia 4500
001 CTU_174034
008 210402s9999 xx 000 0 und d
082 |a 398.209597 
082 |b H452 
110 |a Hội nhà văn dân gian Việt Nam 
245 0 |a Sử thi ÊĐê : 
245 0 |b KĐăm ĐRoăl. Y' Khỉng Jủ - H'Bia Jủ Yâo 
245 0 |c Nhiều tác giả 
260 |a Hà Nội 
260 |b Văn hóa Dân Tộc 
260 |c 2012 
520 |a Quyển sách là một trong những ấn phẩm của hội văn nghệ dân gian Việt Nam đã sưu tầm những giá trị văn hóa truyền thống của dân tộc và gồm II phần: Phần I: KĐĂM ĐROĂL Phần II: Y'KHING JU - H'BIA JU YAO 
650 |a Folk literature, vietnamese,Văn học dân gian, Việt nam 
904 |i Vũ Thị Út 
980 |a Trung tâm Học liệu Trường Đại học Cần Thơ